Normal view MARC view
  • Oficina de Educación Iberoamericana

Entry Nombre Corporativo

Number of records used in: 8

001 - NÚMERO DE CONTROL

  • campo de control: 29726

003 - IDENTIFICADOR DE NUMERO DE CONTROL

  • campo de control: UPN

005 - FECHA Y HORA DE LA ÜLTIMA TRANSACCIÓN

  • campo de control: 20210219194406.0

008 - DATOS DE LONGITUD FIJA

  • campo de control de longitud fija: nabaccnnaabn|||||||||| b |nc|||||d

035 ## - NÚMERO DE CONTROL

  • Número de control: UPN11000001832

040 ## - FUENTE DE CATALOGACIÓN

  • Lenguaje de catalogación: SPA
  • Agencia transcribe: UPN

110 2# - ENCABEZAMIENTO - NOMBRE CORPORATIVO

  • Nombre corporativo o de jurisdicción como elemento de entrada : Oficina de Educación Iberoamericana

410 2# - MENCIÓN DE REFERENCIA “VÉASE” – NOMBRE DE ENTIDAD CORPORATIVA

  • Corporate name or jurisdiction name as entry element: OEI

670 ## - FUENTE EN LA QUE SE LOCALIZARON DATOS

  • Cita de la fuente : T
  • Información localizada: La Educación popular en América Latina : experiencias educativas con adultos

680 ## - NOTA PUBLICA DE ACCESO PÚBLICO

  • Encabezamiento o subdivisión: Creada en 1949. Reemplazado por la Organización de Estados Iberoamericanos en 1985.

902 ## - CATALOGADOR

  • Catalogador: DAA/240708